Geography Quiz

Random Geography or State Quiz

Find the US States Quiz Stats

Quiz Updated Jan 19, 2017

Also try: US States
Challenge
Share
Tweet
Score 0/50 Timer 07:00
661 Plays Today
% Correct
Texas
83.2%
California
82.3%
Florida
82%
Alaska
81.1%
Washington
80.3%
North Dakota
79.1%
South Dakota
78.5%
New Mexico
78%
New York
77.7%
Maine
77.6%
Hawaii
77.3%
South Carolina
75.3%
Tennessee
75.2%
Nevada
75.1%
North Carolina
74.7%
Oregon
74.4%
Arizona
73%
West Virginia
72.9%
Virginia
72.5%
Montana
72.4%
Georgia
72.3%
Pennsylvania
72.3%
Louisiana
72.1%
Michigan
71.4%
Idaho
70%
% Correct
Rhode Island
69.6%
Utah
69.1%
Kentucky
69.1%
Oklahoma
68.8%
Colorado
68.6%
New Jersey
68.1%
Illinois
68.1%
Ohio
67.5%
Mississippi
67.1%
Minnesota
66.4%
Alabama
66.1%
Vermont
66.1%
Kansas
65.7%
Indiana
65.6%
Maryland
65.6%
Wyoming
65.2%
New Hampshire
65%
Wisconsin
63.8%
Massachusetts
63.4%
Connecticut
61.9%
Arkansas
61.4%
Nebraska
61.3%
Iowa
60.8%
Missouri
58.7%
Delaware
56.1%

You're not logged in!

Compare scores with friends on all Sporcle quizzes.
Sign Up with Email
OR
Log In

You Might Also Like...

Show Comments

Extras

Top Quizzes Today


Score Distribution

Your Account Isn't Verified!

In order to create a playlist on Sporcle, you need to verify the email address you used during registration. Go to your Sporcle Settings to finish the process.